LEADER 01241cam0-22003971i-450 001 990004025020403321 005 20211110112755.0 035 $a000402502 100 $a19990604d1985----km-y0itay50------ba 101 0 $aita 102 $aIT 105 $aa-------001yy 200 1 $aPovertà e assistenza in Lombardia nell'età napoleonica$fEdoardo Bressan 210 $aMilano$aRoma$aBari$cCariplo$cLaterza$d1985 215 $aVIII, 339 p.$cill.$d24 cm 225 1 $aEconomia e società in Lombardia dall'età delle riforme alla grande crisi$v02 610 0 $aAssistenza sociale$aLombardia$a1796-1817 610 0 $aPauperismo$aLombardia$a1796-1817 676 $a361.9452$v21$zita 700 1$aBressan,$bEdoardo$0152960 801 0$aIT$bUNINA$gRICA$2UNIMARC 901 $aBK 912 $a990004025020403321 952 $aXV R 457$fDTE 952 $aXV L3 21$fDTE 952 $aSDI-KH 427$b4169$fSDI 952 $a361.945 BRE 1$bDDS.1337$fFLFBC 952 $a361.945 BRE 1 (BIS)$bDDS.2727$fFLFBC 952 $aN03.656$b9903$fDECTS 959 $aFLFBC 959 $aDTE 959 $aSDI 959 $aDECTS 996 $aPovertà e assistenza in Lombardia nell'età napoleonica$9686633 997 $aUNINA DB $aGEN01 LEADER 01008nam a2200301 i 4500 001 991001026619707536 005 20020507105308.0 008 970307s1971 us ||| | eng 035 $ab10163293-39ule_inst 035 $aLE00640940$9ExL 040 $aDip.to Fisica$bita 084 $a510(022:076) 084 $a510.60 084 $a519.5 084 $aQA276 100 1 $aHoel, Paul G.$028723 245 10$aIntroduction to statistical theory /$cP. Hoel, S. Port and C. Stone 260 $aBoston :$bHoughton Mifflin Company,$c1971 300 $a237 p. :$bill. ;$c24 cm. 650 4$aMathematical statistics 700 1 $aPort, Sidney C. 700 1 $aStone, Charles J. 907 $a.b10163293$b21-09-06$c27-06-02 912 $a991001026619707536 945 $aLE006 510.60 HOE$g1$i2006000023122$lle006$o-$pE0.00$q-$rl$s- $t0$u0$v0$w0$x0$y.i10197825$z27-06-02 996 $aIntroduction to statistical theory$9188823 997 $aUNISALENTO 998 $ale006$b01-01-97$cm$da $e-$feng$gus $h0$i1